[Event "Aeroflot Open A 2019"]
[Site "Moscow RUS"]
[Date "2019.02.27"]
[Round "9.6"]
[White "Wei, Yi"]
[Black "Yuffa, Daniil"]
[Result "1-0"]
[WhiteElo "2733"]
[BlackElo "2578"]
[PlyCount "75"]
[EventDate "2019.02.20"]

1. d4 Nf6 2. c4 e6 3. Nc3 Bb4 4. f3 d5 5. a3 Be7 6. e4 dxe4 7. fxe4 e5 8. d5
O-O 9. Nf3 Nbd7 (9... Bg4 10. h3 Bxf3 11. Qxf3 Nbd7 12. Be3 Bc5 13. O-O-O a5
14. Bd3 Ne8 15. Na4 Bxe3+ 16. Qxe3 b6 {Kravtsiv,M (2654)-Zhigalko,S (2616)
Ankara 2018}) 10. Bd3 Nc5 $146 (10... a5 11. Bc2 Re8 12. Qe2 Ra6 13. Be3 Bc5
14. O-O-O Qe7 15. Nb5 Ng4 16. Bg1 Bxg1 17. Rhxg1 Qc5 {Bures,J (2387)-Zilka,S 
(2517) Czech Republic 2017}) 11. Bc2 a5 12. O-O Bg4 13. Be3 Bh5 14. h3 Ra6 15.
b3 Bg6 16. Nxe5 Bxe4 17. Nxe4 Ncxe4 18. Qf3 Nc5 19. Bd4 Ncd7 20. Nxd7 Nxd7 21.
b4 axb4 22. axb4 Bf6 23. Rxa6 $1 {An amazing move that allows an intermediate
check.} Bxd4+ 24. Kh1 bxa6 25. Qe4 {Ah, that's the idea! White will just win
back the bishop on d4...} Re8 26. Qxh7+ $1 {...or will he? No! The attack is
an even better bet.} Kf8 27. Qh8+ Ke7 28. Qh4+ Bf6 $6 (28... Kf8 29. Qxd4) (
28... Nf6 29. Qxd4 Kf8 {was a better chance.}) 29. Re1+ Kd6 30. c5+ $1 Nxc5 (
30... Kxd5 31. Rd1+ Kc6 32. Be4+ Kb5 33. Qf4 {threatening 34.Qf1+.}) 31. Qf4+
$1 Kd7 (31... Kxd5 32. Rd1+) 32. Bf5+ (32. Qf5+ $1) 32... Ne6 33. dxe6+ Ke7 34.
Qg4 Kf8 $6 (34... Qd2 $1) 35. Rd1 Qb8 36. exf7 Re5 37. Bg6 Rg5 38. Re1 1-0